000 00485nam a2200169 a 4500
005 20140414132124.0
008 130213s19uu xx 00 eng d
020 _a1931959765
050 _aTR
_bSha529 2011
245 _aShapes & colors:
_brainbows, circles & squares.
260 _aSunwanee, GA :
_bThe Brainy Company,
_c2011.
300 _a14p.
440 _aBrainy baby
500 _ahardbound; applicable for ages1-4.
650 _aShapes-
_xcolor-
_xcounting.
999 _c115156
_d115156